| Tag |
First Indicator |
Second Indicator |
Subfields |
| LEADER |
00000cam a2200000Ia 4500 |
| 001 |
in00002782971 |
| 005 |
20151202171814.0 |
| 008 |
881006s1967 utua b f000 0 eng d |
| 035 |
|
|
|a (OCoLC)ocm18573432
|
| 035 |
|
|
|a (OCoLC)18573432
|
| 040 |
|
|
|a SIA
|c SIA
|d UDI
|d OCL
|d TXA
|d UtOrBLW
|
| 043 |
|
|
|a n-us-ut
|
| 049 |
|
|
|a TXAM
|
| 050 |
|
4 |
|a F832.Z8
|b H2
|
| 090 |
|
|
|a F832.Z8
|b H2 1967
|
| 092 |
|
|
|a 917.92
|b H123t
|
| 100 |
1 |
|
|a Hagood, Allen.
|
| 245 |
1 |
0 |
|a This is Zion :
|b an interpretation of a colorful landscape in picture and story /
|c by Allen Hagood.
|
| 264 |
|
1 |
|a [Springdale, Utah] :
|b Zion Natural History Association ;
|a [Place of publication not identified] :
|b National Park Service, U.S. Dept. of the Interior,
|c 1967.
|
| 300 |
|
|
|a 72 pages, 1 unnumbered page :
|b illustrations (some color) ;
|c 18 x 22 cm.
|
| 336 |
|
|
|a text
|b txt
|2 rdacontent
|
| 337 |
|
|
|a unmediated
|b n
|2 rdamedia
|
| 338 |
|
|
|a volume
|b nc
|2 rdacarrier
|
| 504 |
|
|
|a Bibliography: page 5.
|
| 536 |
|
|
|a The Al Stonestreet Parks and Recreation Collection, 1997.
|
| 651 |
|
0 |
|a Zion National Park (Utah)
|
| 650 |
|
0 |
|a National parks and reserves
|z Utah.
|
| 650 |
|
0 |
|a Geology
|z Utah
|z Zion National Park
|v Guidebooks.
|
| 710 |
2 |
|
|a Zion Natural History Association.
|
| 710 |
1 |
|
|a United States.
|b National Park Service.
|
| 948 |
|
|
|a cataloged
|b h
|c 2012/12/11
|d c
|e junters
|f 4:08:04 pm
|
| 994 |
|
|
|a C0
|b TXA
|
| 999 |
|
|
|a MARS
|
| 999 |
f |
f |
|s c9e929ad-4d0e-3567-8ffc-9ccd0b75c504
|i 131435d6-b4b0-3e11-b154-b5911d8e273c
|t 0
|
| 952 |
f |
f |
|p noncirc
|a Texas A&M University
|b College Station
|c Cushing Memorial Library & Archives
|d Cushing: Stonestreet (Does not check out)
|t 0
|e F832.Z8 H2 1967
|h Library of Congress classification
|i unmediated -- volume
|
| 998 |
f |
f |
|a F832.Z8 H2 1967
|t 0
|l Cushing: Stonestreet (Does not check out)
|